U kávy o kávě a kávovinách
| Main Author: | |
|---|---|
| Other Authors: | , |
| Format: | Book |
| Language: | Czech English Slovak |
| PhysicalDescription: | 360 s. fotogr., ilustr., tab. 24 cm |
| Published: |
V Brně
Jota
2016
|
| ISBN: | 9788074628504 |
| Edition: | 1. vyd. |
| Subjects: |
MARC
| LEADER | 00000nam a2200000 a 4500 | ||
|---|---|---|---|
| 001 | vtls011616646 | ||
| 003 | SK-MaSNL | ||
| 005 | 20260301094432.0 | ||
| 008 | 240313s2016 xr oa e f 001 0 cze | ||
| 015 | |a SNBZSA2017/03 | ||
| 020 | |a 9788074628504 |q (viazané) | ||
| 035 | |a urn:nbn:sk:snk-am00e0jo | ||
| 035 | |a urn:nbn:sk:snk-am3ialy | ||
| 035 | |a A5774AE3-0455-4712-9C75-21AE4F6DDDF1 | ||
| 040 | |a SNK |b slo |c SNK |e AACR2 | ||
| 041 | 1 | |a cze |a eng |h slo | |
| 043 | |a x------ | ||
| 044 | |a xr |c CZ | ||
| 072 | 7 | |a 663 |x Priemysel nápojov. Kvasný priemysel. Priemysel pochutín |2 konspekt | |
| 080 | |a 663.93 |2 2011 | ||
| 080 | |a 633/635 |2 2011 | ||
| 080 | |a 641.87 |2 2011 | ||
| 080 | |a (035) |2 2011 | ||
| 080 | |a (100) |2 2011 | ||
| 100 | 1 | |a Augustín, Jozef, |d 1940- |4 aut |9 326278 | |
| 245 | 1 | 0 | |a U kávy o kávě a kávovinách |c Jozef Augustín ; překlad do češtiny: Katarína Kašpárková Koišová, Ondřej Elbel |
| 250 | |a 1. vyd. | ||
| 260 | |a V Brně |b Jota |c 2016 | ||
| 300 | |a 360 s. |b fotogr., ilustr., tab. |c 24 cm | ||
| 504 | |a Bibliogr. ; register | ||
| 546 | |a Text aj v angl. jazyku | ||
| 650 | 0 | 7 | |a káva |2 SNKPH |9 3503 |
| 650 | 0 | 7 | |a Coffee |2 SNKPHeng |9 338375 |
| 650 | 0 | 7 | |a pestovanie rastlín |2 SNKPH |9 29223 |
| 650 | 0 | 7 | |a Plants cultivation |2 SNKPHeng |9 268449 |
| 650 | 0 | 7 | |a nápoje |2 SNKPH |9 17296 |
| 650 | 0 | 7 | |a Beverages |2 SNKPHeng |9 318544 |
| 651 | 7 | |a Countries of the world |2 SNKPHeng |9 266838 | |
| 651 | 7 | |a krajiny sveta |2 SNKPH |9 253334 | |
| 655 | 7 | |a príručky |2 SNKPH |9 74364 | |
| 655 | 7 | |a Handbooks, manuals, etc. |2 SNKPHeng |9 90964 | |
| 700 | 1 | |a Kašpárková Koišová, Katarína |4 trl |9 428213 | |
| 700 | 1 | |a Elbel, Ondřej |4 trl |9 428214 | |
| 919 | |a 978-80-7462-850-4 | ||
| 958 | |a ZS | ||
| 958 | |a NB | ||
| 999 | |c 680268 |d 682198 | ||
| 952 | |a SNK |b SNK |y PREZ |7 0 |p 17A1256036 |o snkSC 173652 |i snk2017/6816 |8 4 |g 13.10 |0 0 |1 0 |4 0 |d 2017-03-09 |f 1 |l 0 |r 2025-09-11 00:00:00 |w 2026-02-23 | ||
| 952 | |a SNK |b SNK |y VYP |7 0 |p 17A1260150 |o snkSC 173652 D1 |i snk2017/13540 |8 2 |g 14.87 |0 0 |1 0 |4 0 |d 2017-05-10 |l 0 |r 2026-02-23 19:54:46 |w 2026-02-23 | ||


